[Event "GER-ch Net blitz qual3"]
[Site "Playchess.com INT"]
[Date "2020.03.21"]
[Round "4"]
[White "Babczyk, Daniel"]
[Black "Kemper, Jannick"]
[Result "1-0"]
[WhiteElo "1304"]
[BlackElo "1588"]
[PlyCount "95"]
[EventDate "2020.03.21"]
[EventType "swiss (blitz)"]
[EventRounds "9"]
[EventCountry "GER"]
[SourceTitle "CBM 195 Extra"]
[Source "ChessBase"]
[SourceDate "2020.05.31"]
[SourceVersion "1"]
[SourceVersionDate "2020.05.31"]
[SourceQuality "1"]

1. d4 Nf6 2. Bf4 g6 3. e3 Bg7 4. Nf3 d6 5. Bc4 0-0 6. 0-0 Nbd7 7. Re1 Nh5 8. Nbd2 Nxf4 9. exf4 Nf6 10. c3 b6 11. Ne4 Bb7 12. Nxf6+ Bxf6 13. f5 g5 14. d5 c6 15. Re2 b5 16. Bb3 a5 17. a4 bxa4 18. Rxa4 Qb6 19. Ba2 h6 20. Rg4 Qb5 21. Bc4 Qc5 22. Qd2 Kh7 23. b4 axb4 24. cxb4 Ra1+ 25. Re1 Rxe1+ 26. Nxe1 Qb6 27. dxc6 Bxc6 28. Nc2 Qa7 29. h3 Rg8 30. Bxf7 Rg7 31. Be6 h5 32. Rg3 Be5 33. Ra3 Qb6 34. Ne3 Bd4 35. Nc2 Be5 36. Qe3 Qb5 37. Qd3 Qb6 38. f6+ Kh6 39. fxg7 Kxg7 40. Qd2 Kf6 41. Bb3 Bb5 42. Ne3 Qb7 43. Nd5+ Ke6 44. Nc7+ Kd7 45. Nxb5 Qxb5 46. Ra7+ Kc6 47. Qc2+ Kb6 48. Qc7# 1-0

[Event "Dortmund op-B"]
[Site "Dortmund"]
[Date "2005.07.10"]
[Round "3"]
[White "Wolkow, Michael"]
[Black "Babczyk, Daniel"]
[Result "1-0"]
[WhiteElo "1634"]
[BlackElo "1340"]
[PlyCount "119"]
[EventDate "2005.07.08"]
[EventType "swiss"]
[EventRounds "9"]
[EventCountry "GER"]
[SourceTitle "CBM 107 Extra"]
[Source "ChessBase"]
[SourceDate "2005.09.01"]
[SourceVersion "1"]
[SourceVersionDate "2005.09.01"]
[SourceQuality "1"]

1. e4 e6 2. c4 c5 3. Nf3 Nc6 4. d4 cxd4 5. Nxd4 Qb6 6. Nb3 Bc5 7. Nxc5 Qxc5 8. Be3 Qe5 9. Nc3 Nf6 10. f4 Qh5 11. Qxh5 Nxh5 12. Be2 Nf6 13. e5 Ng8 14. Nb5 Kd8 15. Nd6 Ke7 16. Bc5 b6 17. Ba3 g6 18. Nxc8+ Ke8 19. Nd6+ Ke7 20. 0-0-0 a6 21. Rd2 Kf8 22. Nc8+ Kg7 23. Nxb6 Ra7 24. Rhd1 g5 25. g3 Nge7 26. Rxd7 Rxd7 27. Rxd7 Rb8 28. c5 gxf4 29. gxf4 Nf5 30. Bh5 Rf8 31. Bf3 Ncd4 32. c6 Rb8 33. Rb7 Re8 34. c7 Nxf3 35. Rb8 Rxb8 36. cxb8Q Nxh2 37. Qf8+ Kg6 38. Qg8+ Ng7 39. Bf8 Kf5 40. Qxg7 Kxf4 41. Qf6+ Ke3 42. Bh6+ Ke2 43. Qf4 Nf1 44. Nc4 f5 45. exf6 a5 46. Nd6 a4 47. Ne4 e5 48. Qf2+ Kd3 49. Qxf1+ Kxe4 50. Qe2+ Kd4 51. f7 a3 52. bxa3 e4 53. f8R e3 54. Qxe3+ Kc4 55. Rd8 Kb5 56. Qc3 Kb6 57. Rb8+ Ka7 58. Bf4 Ka6 59. Qc4+ Ka7 60. Qa4# 1-0

[Event "Dortmund op-B"]
[Site "Dortmund"]
[Date "2004.07.27"]
[Round "5"]
[White "Ackerhans, Gerd"]
[Black "Babczyk, Daniel"]
[Result "0-1"]
[WhiteElo "1515"]
[BlackElo "1180"]
[PlyCount "58"]
[EventDate "2004.07.??"]
[EventType "swiss"]
[EventRounds "9"]
[EventCountry "GER"]
[SourceTitle "EXT 2006"]
[Source "ChessBase"]
[SourceDate "2005.11.24"]
[SourceVersion "1"]
[SourceVersionDate "2005.11.24"]
[SourceQuality "1"]

1. c4 e6 2. d4 d5 3. Nc3 Nf6 4. Nf3 c5 5. e3 cxd4 6. exd4 Bb4 7. Bd2 Nc6 8. a3 Bxc3 9. Bxc3 0-0 10. c5 Ne4 11. Qc2 Nxc3 12. Qxc3 Qa5 13. b4 Qc7 14. Bd3 Re8 15. 0-0 e5 16. dxe5 Nxe5 17. Nxe5 Rxe5 18. Rfe1 Rxe1+ 19. Rxe1 Be6 20. Qe5 Qc6 21. Qh5 g6 22. Qg5 Re8 23. h4 Qa4 24. h5 Qxa3 25. Bb5 Qxb4 26. Bxe8 Qxe1+ 27. Kh2 Bf5 28. h6 Qxe8 29. Qf6 Qf8 0-1

[Event "Dortmund op-B"]
[Site "Dortmund"]
[Date "2004.07.26"]
[Round "4"]
[White "Babczyk, Daniel"]
[Black "Zeldin, Leonid"]
[Result "0-1"]
[WhiteElo "1180"]
[BlackElo "1840"]
[PlyCount "42"]
[EventDate "2004.07.??"]
[EventType "swiss"]
[EventRounds "9"]
[EventCountry "GER"]
[SourceTitle "EXT 2006"]
[Source "ChessBase"]
[SourceDate "2005.11.24"]
[SourceVersion "1"]
[SourceVersionDate "2005.11.24"]
[SourceQuality "1"]

1. e4 c5 2. Nf3 d6 3. d4 cxd4 4. Nxd4 Nf6 5. Nc3 g6 6. Bg5 Bg7 7. Bd3 0-0 8. Qe2 Nc6 9. Nxc6 bxc6 10. 0-0-0 Rb8 11. e5 dxe5 12. Qxe5 Bg4 13. f3 Nd5 14. Qe1 Nxc3 15. fxg4 Nxa2+ 16. Kd2 Qa5+ 17. Ke2 Qxg5 18. Qg3 Rxb2 19. Kf3 Be5 20. h4 Qf6+ 21. Ke3 Bxg3 0-1

[Event "Dortmund op-B"]
[Site "Dortmund"]
[Date "2004.07.23"]
[Round "1"]
[White "Wojdyla, Richard"]
[Black "Babczyk, Daniel"]
[Result "1-0"]
[WhiteElo "1598"]
[BlackElo "1180"]
[PlyCount "85"]
[EventDate "2004.07.??"]
[EventType "swiss"]
[EventRounds "9"]
[EventCountry "GER"]
[SourceTitle "EXT 2006"]
[Source "ChessBase"]
[SourceDate "2005.11.24"]
[SourceVersion "1"]
[SourceVersionDate "2005.11.24"]
[SourceQuality "1"]

1. e4 e6 2. Qe2 d5 3. exd5 Qxd5 4. Nc3 Qa5 5. g3 Nf6 6. Bg2 Nc6 7. Nf3 Bd6 8. 0-0 0-0 9. d4 e5 10. dxe5 Nxe5 11. Qb5 Nxf3+ 12. Bxf3 Qb6 13. Be3 c6 14. Qxb6 axb6 15. Bxb6 c5 16. a4 Ra6 17. a5 Nd7 18. Be2 Ra8 19. Nd5 Re8 20. Bb5 Re5 21. Rfd1 Bf8 22. Bxd7 Bxd7 23. Nf6+ gxf6 24. Rxd7 Re2 25. Rb1 Rxc2 26. Rxb7 c4 27. Ra7 Rb8 28. Rc7 Bd6 29. Rd7 Bf8 30. Rdd1 Rc8 31. a6 Bc5 32. Bxc5 Rxc5 33. Rd8+ Kg7 34. a7 Ra5 35. a8Q Rxa8 36. Rxa8 c3 37. bxc3 Rxc3 38. Ra7 Kg6 39. Rbb7 Rc1+ 40. Kg2 Rc6 41. Rxf7 h6 42. g4 Rc5 43. Rg7# 1-0